Nové pravidlá adresované komerčným používateľom online sprostredkovateľských služieb
Trendy v oblasti obchodných používateľov online sprostredkovateľských služieb. Definícia online sprostredkovateľských služieb. Zavedenie spravodlivých pravidiel pre budovanie globálnych digitálnych platforiem a právny základ pre budovanie digitálneho trhu. Únijná právna úprava komerčných používateľo...
Guardado en:
| Autor principal: | |
|---|---|
| Formato: | Capítulo de libro |
| Lenguaje: | eslovaco |
| Materias: | |
| Etiquetas: |
Sin Etiquetas, Sea el primero en etiquetar este registro!
|
MARC
| LEADER | 00000naa a2200000 4500 | ||
|---|---|---|---|
| 001 | 0272135 | ||
| 005 | 20210319140251.7 | ||
| 041 | 0 | |a slo | |
| 044 | |a SK | ||
| 245 | 1 | 0 | |a Nové pravidlá adresované komerčným používateľom online sprostredkovateľských služieb |c Vladislav Mičátek |
| 520 | |a Trendy v oblasti obchodných používateľov online sprostredkovateľských služieb. Definícia online sprostredkovateľských služieb. Zavedenie spravodlivých pravidiel pre budovanie globálnych digitálnych platforiem a právny základ pre budovanie digitálneho trhu. Únijná právna úprava komerčných používateľov online sprostredkovateľských služieb. | ||
| 610 | 2 | 0 | |a digitalizácia |
| 610 | 2 | 0 | |a trh |
| 610 | 2 | 0 | |a podnikanie |
| 610 | 2 | 0 | |a používatelia |
| 610 | 2 | 0 | |a služby |
| 100 | 1 | |a Mičátek, Vladislav | |